| 000 | 01491nam1a2200349 i 4500 | ||
|---|---|---|---|
| 001 | RU\NLR\bibl\1761679 | ||
| 005 | 20260406115812.0 | ||
| 035 | _a(NLR Aleph) 001752490 | ||
| 090 |
_a1527576 _c1527576 |
||
| 100 | _a20110421g20109999k y0rusy50 ca | ||
| 101 | 0 | _arus | |
| 102 | _aRU | ||
| 105 | _a||||z ||||| | ||
| 200 | 1 |
_aМир А. С. Пушкина в зеркале человеческих страстей _fА.А. Конев |
|
| 210 |
_aНижний Новгород _cИзд-во Волго-Вятской академии государственной службы _d2010 |
||
| 215 | _d20 | ||
| 225 | 1 | _aОбъяснительная криминология | |
| 300 | _aНа 4-й с. обл. авт. - д.ю.н. | ||
| 300 | _aНа 4-й с. обл. др. произведения авт. | ||
| 463 | 0 | _10011673440 | |
| 463 | 0 | _10011513461 | |
| 600 | 1 |
_aПушкин _bА.С. _f1799 - 1837 _gАлександр Сергеевич _xОбразы _92020445 _3RU\NLR\auth\66929790 |
|
| 686 | _aШ5(2=Р)51-4Пушкин54 | ||
| 700 | 1 |
_4070 _8rus _7ca _aКонев _bА. А. _gАнатолий Алексеевич _3RU\NLR\auth\7767131 _950059 |
|
| 702 | 1 |
_4570 _8rus _7ca _aПушкин _bА. С. _cпоэт _f1799-1837 _gАлександр Сергеевич _3RU\NLR\auth\77386 _9110441 |
|
| 801 | 0 |
_aRU _bNLR _c20110421 _gRCR |
|
| 801 | 1 |
_aRU _bNLR _c20110421 |
|
| 852 |
_aNLR _j2010-3/17037 |
||
| 942 | _cBOOK | ||